000 00317nam a2200121Ia 4500
008 190216s9999||||xx |||||||||||||| ||und||
100 _aRajagopalan.R
245 0 _aThird Book On Computer Science
260 _bTata Mcgraw Hill Publishing Company Ltd
_c1992
300 _a85p
650 _aComputer Science
942 _cBK
999 _c8449
_d8449